| 000 | 00423nam a2200109Ia 4500 | ||
|---|---|---|---|
| 008 | 160909s9999 xx 000 0 und d | ||
| 100 | _aHeald, Suzanne Blair | ||
| 245 | _aCurriculum Differentiation for Gifted Learners Using Instructional Technology: A Multiple-Case Study | ||
| 260 |
_bNorthcentral University. _c2016 |
||
| 650 | _aInformation Technology | ||
| 856 | _uhttp://pqdtopen.proquest.com/doc/1790812429.html?FMT=ABS | ||
| 999 |
_c303751 _d303751 |
||